Le Pérou pour les touristes... - Facile - Statistiques

Statistiques générales
  • Ce quiz a été pris 47 fois
  • Le résultat moyen est 11 sur 20
Statistiques - réponses
Question Indice Réponses Indice facile % Correct
Quelles sont les langues officielles ? Espagnol
95%
Avez-vous besoin d'un visa ? (oui/non) Non
92%
Le principal aéroport est L Lima
84%
La conduite se fait à droite ou à gauche ? Droite
79%
Achats à faire 1/ Vêtements en Alpaga PLAGAA
76%
Le suffixe internet est pe
76%
Quelles sont les langues officielles ? Q Quechua
76%
Dans la capitale quel est le décalage horaire avec Paris ? (+ ou - et chiffre) ex - 10 - 8
74%
Quelles sont les principaux lieux touristiques ? C Cuzco ZCOCU
68%
La vitesse est limitée hors des villes à {100} km/h
61%
Combien d'heures (environ) mettrez-vous pour vous y rendre ? (en chiffres) 16
61%
Quelles sont les principaux lieux touristiques ? M P Macchu Picchu CHICHACCMPUU
55%
Quelles sont les langues officielles ? A Aymara ARMAAY
53%
Achats à faire 3/ Instrument de musique Flûte de pan FTPALUDEEN
53%
La religion majoritaire est Catholicisme C
42%
Achats à faire 2/ Bonnet Chullo CHOULL
37%
Quelle est la monnaie ? Nuevo sol N
21%
Comment se nomme la principale compagnie aérienne locale L P LATAM Peru PALMATURE
16%
Quels sont les climats locaux ? T & T {Tempéré} & {Tropical}
13%
Quelles sont les principaux lieux touristiques ? S Forteresse de {Sacsayhuaman} AMANCHASASUY
11%
Aucun quiz correspondant
Distribution des résultats
% des personnes avec chaque résultat
Percentile par nombre de réponses
Votre historique - résultats
Vous n’avez pas pris ce quiz